000
00204nam a2200085Ia 4500
008
120527s9999 xx 000 0 und d
100
_a
ALLEN, LINDA
245
_a
Capital markets and institution
942
_c
BK
999
_c
26662
_d
26662